| 000 | 00986nam a22003257a 4500 | ||
|---|---|---|---|
| 001 | BR7807765 | ||
| 003 | BR-BrBNA | ||
| 005 | 20230928085831.0 | ||
| 007 | ta | ||
| 008 | 230509b bl.||||| |||| 00| 0 por d | ||
| 040 |
_aBR-BrBNA _bpor _cBiblioteca Nacional de Agricultura |
||
| 041 | _a(Por) | ||
| 072 |
_aQ10 _b0150 _b9205 _b/G514 |
||
| 090 | _ 0150 BR7807765 | ||
| 110 | 1 | _aEmpresa Catarinense de Pesquisa Agropecuaria S.A., Florianopolis, SC (Brasil) | |
| 245 | 1 | _aTeste de armazenamento de arroz macerado, a granel, em casca, com ventilacao forcada [Santa Catarina, Brasil] | |
| 260 | 3 |
_aFlorianopolis, SC (Brasil): _c1978. |
|
| 300 | _a65 p. | ||
| 500 | _a24 tables; 10 ref. | ||
| 650 | _aARROZ | ||
| 650 | _aARROZ MACERADO | ||
| 650 | _aARROZ EM CASCA | ||
| 650 | _aESTATISTICA DE PRODUCAO | ||
| 650 | _aARMAZENAMENTO DE ALIMENTO | ||
| 650 | _aARMAZEM | ||
| 650 | _aCUSTO | ||
| 650 | _aSANTA CATARINA | ||
| 909 |
_a202309 _bLucia _c55 _dLucia Elande |
||
| 942 | _cBK | ||
| 999 |
_c26587 _d26587 |
||